000 01133nam a2200253 a 4500
001 49061
003 BD-RjUL
005 20211209054629.0
008 190213s1970 pk ||||| |||| 00| p ben d
020 _c: PRs. 8.50
035 _a(BD-RjUL) 49180
040 _aBD-RjUL
_bben
_cBD-RjUL
041 _aben
082 _223
_a891.441
_bKAM 1970
100 1 _aকায়কোবাদ
_9147619
245 1 0 _aমহরম শরিফ, বা, আত্ম-বিসর্জন কাব্য /
_cকায়কোবাদ
260 _aঢাকা :
_bপাকিস্তান বুক করপোরেশন,
_c১৯৭০ (১৩৭৭)
300 _a[৪], ৩৬০ পৃ. ;
_c২১ সেমি.
500 _a"[হজরত এমাম হাসান ও হজরত এমাম হোসেন ও তদীয় বংশধরগণের শাহাদতনামা ] "
500 _a[প্রথম, দ্বিতীয় ও তৃতীয় খন্ড একত্রে]
650 _aবাংলা কবিতা
_9147609
650 _aBengali Poetry
_9147610
942 _2ddc
_cBK
999 _c49061
_d49061